Multiple Choice City Quiz – Bucharest - Statistics

General Stats
  • This quiz has been taken 171 times
    170 since last reset
  • The average score is 5 of 10
Answer Stats
Question Answer % Correct
Which famous Wallachian ruler is associated with Bucharest's early history? Vlad the Impaler
74%
What is Bucharest's nickname? The Little Paris
64%
Which one is Bucharest's coat of arms?
62%
What is the traditional Romanian dish, popular in Bucharest? Sarmale
60%
Which one is Bucharest's main airport? Otopeni Airport
46%
What is the name of Bucharest's palace that was former palace residence? Cotroceni Palace
40%
With what city is Bucharest twinned? Beijing
32%
What river flows through Bucharest? Dâmbovița
32%
What landmark in Bucharest symbolizes the reunification of the Romanian territories? The Arch of Triumph
31%
Which iconic concert hall is located in Bucharest? Romanian Athenaeum
26%
No matching quizzes found
Score Distribution
Percent of People with Each Score
Percentile by Number Answered
Your Score History
You have not taken this quiz since the last reset